[Event "Bundesliga 2324"]
[Site "Germany"]
[Date "2023.10.21"]
[Round "1.8"]
[White "Burg, Twan"]
[Black "Baidetsky, Valentin"]
[Result "1/2-1/2"]
[WhiteElo "2530"]
[BlackElo "2471"]
[PlyCount "47"]
[EventDate "2023.10.21"]
[EventType "team-tourn"]
[EventRounds "15"]
[EventCountry "GER"]
[SourceTitle "Mega2024 Update 01"]
[Source "Chessbase"]
[SourceDate "2023.11.12"]
[SourceVersion "1"]
[SourceVersionDate "2023.11.12"]
[SourceQuality "1"]
[WhiteTeam "Remagen Sinzig"]
[BlackTeam "Muenchen Zugzwang"]
[WhiteTeamCountry "GER"]
[BlackTeamCountry "GER"]

1. d4 d5 2. c4 e6 3. Nc3 Nf6 4. cxd5 exd5 5. Bg5 c6 6. e3 Bd6 7. Qc2 0-0 8. Bd3 h6 9. Bh4 a5 10. Nf3 Re8 11. 0-0 Nbd7 12. Rfe1 Be7 13. Bg3 Bf8 14. h3 b5 15. Rad1 Bb7 16. Ne5 Nxe5 17. Bxe5 Nd7 18. Bg3 Nf6 19. Bh4 Be7 20. e4 dxe4 21. Nxe4 Nxe4 22. Bxe7 Rxe7 23. Bxe4 Qd6 24. Bf3 1/2-1/2

[Event "NED-chT 2324"]
[Site "Netherlands"]
[Date "2023.09.16"]
[Round "1.3"]
[White "Beerdsen, Thomas"]
[Black "Burg, Twan"]
[Result "1/2-1/2"]
[WhiteElo "2511"]
[BlackElo "2531"]
[PlyCount "42"]
[EventDate "2023.09.16"]
[EventType "team-tourn"]
[EventRounds "9"]
[EventCountry "NED"]
[SourceTitle "EXT 2024"]
[Source "ChessBase"]
[SourceDate "2023.10.10"]
[SourceVersion "1"]
[SourceVersionDate "2023.10.10"]
[SourceQuality "1"]
[WhiteTeam "Apeldoorn"]
[BlackTeam "Den Bosch HMC"]
[WhiteTeamCountry "NED"]
[BlackTeamCountry "NED"]

1. e4 e5 2. Nf3 Nf6 3. Nxe5 d6 4. Nf3 Nxe4 5. Nc3 Nxc3 6. dxc3 Be7 7. Be3 0-0 8. Qd2 Nd7 9. 0-0-0 Nf6 10. Bd3 c5 11. Rhe1 Be6 12. Bg5 d5 13. Qf4 Re8 14. Re5 Qc7 15. Rde1 Ng4 16. R5e2 Qxf4+ 17. Bxf4 h6 18. Bg6 fxg6 19. Rxe6 Kf7 20. R6e2 g5 21. Bg3 Bf8 1/2-1/2

[Event "Bundesliga 2223"]
[Site "Germany"]
[Date "2023.04.30"]
[Round "15.3"]
[White "Burg, Twan"]
[Black "Vallejo Pons, Francisco"]
[Result "1/2-1/2"]
[WhiteElo "2511"]
[BlackElo "2716"]
[PlyCount "40"]
[EventDate "2022.10.21"]
[EventType "team-tourn"]
[EventRounds "15"]
[EventCountry "GER"]
[SourceTitle "CBM 213 Extra"]
[Source "ChessBase"]
[SourceDate "2023.05.31"]
[SourceVersion "1"]
[SourceVersionDate "2023.05.31"]
[SourceQuality "1"]
[WhiteTeam "Remagen Sinzig"]
[BlackTeam "Baden-Baden"]
[WhiteTeamCountry "GER"]
[BlackTeamCountry "GER"]

1. d4 Nf6 2. c4 e6 3. Nc3 Bb4 4. Qc2 d6 5. a3 Bxc3+ 6. Qxc3 a5 7. b3 0-0 8. Nf3 Re8 9. e3 e5 10. dxe5 dxe5 11. Nxe5 Ne4 12. Qd3 Qh4 13. g3 Qf6 14. Qxe4 Rxe5 15. Qc2 Bf5 16. Qc3 Be4 17. Rg1 Bf3 18. Bb2 Nc6 19. Be2 Rd8 20. Rd1 Rxd1+ 1/2-1/2

[Event "Titled Tuesday intern op 14th Mar Late"]
[Site "Chess.com INT"]
[Date "2023.03.14"]
[Round "4"]
[White "Burg, Twan"]
[Black "Osmak, Iulija"]
[Result "1-0"]
[WhiteElo "2517"]
[BlackElo "2445"]
[PlyCount "85"]
[EventDate "2023.03.14"]
[EventType "swiss (blitz)"]
[EventRounds "11"]
[EventCountry "USA"]
[SourceTitle "EXT 2024"]
[Source "ChessBase"]
[SourceDate "2023.10.10"]
[SourceVersion "1"]
[SourceVersionDate "2023.10.10"]
[SourceQuality "1"]

1. e4 c6 2. Nf3 d5 3. Nc3 Bg4 4. h3 Bxf3 5. Qxf3 e6 6. d4 Nf6 7. exd5 cxd5 8. Bd3 Nc6 9. Ne2 Be7 10. c3 0-0 11. 0-0 a6 12. Re1 b5 13. Bf4 b4 14. Rac1 bxc3 15. bxc3 Na5 16. Be5 Nc4 17. Nf4 Rc8 18. Rc2 a5 19. Ne2 Nxe5 20. dxe5 Nd7 21. Nd4 g6 22. Bb5 Bc5 23. Nb3 Bb6 24. a4 Nc5 25. Nd4 Ne4 26. Nc6 Qc7 27. c4 Nxf2 28. Rxf2 dxc4 29. Rc1 Bxf2+ 30. Qxf2 c3 31. Rxc3 Qd7 32. Rd3 Qb7 33. Qc5 Rc7 34. Rd6 Rfc8 35. h4 Kg7 36. h5 g5 37. h6+ Kxh6 38. Qf2 Rxc6 39. Qf6+ Kh5 40. Be2+ g4 41. Bxg4+ Kxg4 42. Rd4+ Kg3 43. Qh4# 1-0

[Event "Titled Tuesday intern op 14th Mar Late"]
[Site "Chess.com INT"]
[Date "2023.03.14"]
[Round "3"]
[White "Gubajdullin, Alexey"]
[Black "Burg, Twan"]
[Result "1-0"]
[WhiteElo "2300"]
[BlackElo "2517"]
[PlyCount "105"]
[EventDate "2023.03.14"]
[EventType "swiss (blitz)"]
[EventRounds "11"]
[EventCountry "USA"]
[SourceTitle "EXT 2024"]
[Source "ChessBase"]
[SourceDate "2023.10.10"]
[SourceVersion "1"]
[SourceVersionDate "2023.10.10"]
[SourceQuality "1"]

1. d4 Nf6 2. Nf3 d5 3. Bf4 c5 4. e3 Nc6 5. Nbd2 Qb6 6. dxc5 Qxb2 7. c4 e6 8. Qc1 Qxc1+ 9. Rxc1 Bxc5 10. cxd5 Ba3 11. dxc6 Bxc1 12. Nc4 bxc6 13. Kd1 Bxe3 14. Bxe3 0-0 15. Kc2 Nd5 16. Bc5 Rd8 17. Nfe5 Bd7 18. Be2 Be8 19. Rb1 f6 20. Nd3 Bg6 21. g3 Rab8 22. Rxb8 Rxb8 23. a3 a6 24. Kd2 Rb1 25. Nb4 Nxb4 26. axb4 e5 27. Na5 Rb2+ 28. Ke3 Bb1 29. Bxa6 f5 30. Bc4+ Kh8 31. Nxc6 g5 32. Nxe5 Rc2 33. b5 h5 34. b6 Kh7 35. b7 Rb2 36. Bd5 Be4 37. Bxe4 fxe4 38. Kxe4 Rxb7 39. Kf5 Rg7 40. Be3 g4 41. Nd3 Rb7 42. Nf4 Rb5+ 43. Kf6 Ra5 44. Bd4 Rb5 45. Ne6 Kh6 46. Kf7 Rf5+ 47. Ke7 h4 48. gxh4 Rf3 49. Ng5 Rf4 50. Be3 Ra4 51. Ne6+ Kh5 52. Bg5 Ra2 53. Nf4# 1-0

[Event "NED-ch"]
[Site "Groningen"]
[Date "2022.12.21"]
[Round "1.1"]
[White "Pruijssers, Roeland"]
[Black "Burg, Twan"]
[Result "1/2-1/2"]
[WhiteElo "2538"]
[BlackElo "2522"]
[PlyCount "75"]
[EventDate "2022.12.21"]
[EventType "k.o."]
[EventRounds "4"]
[EventCountry "NED"]
[SourceTitle "CBM 211 Extra"]
[Source "ChessBase"]
[SourceDate "2023.01.31"]
[SourceVersion "1"]
[SourceVersionDate "2023.01.31"]
[SourceQuality "1"]

1. d4 Nf6 2. c4 e6 3. Nc3 Bb4 4. a3 Bxc3+ 5. bxc3 0-0 6. Bg5 h6 7. Bh4 d6 8. Nf3 g5 9. Bg3 Nh5 10. e4 f5 11. Nd2 g4 12. f3 Nxg3 13. hxg3 Qg5 14. f4 Qg7 15. Bd3 c5 16. Nb3 Nc6 17. dxc5 dxc5 18. e5 b6 19. Qe2 Bd7 20. Kf2 Rfd8 21. Nd2 Be8 22. Nf1 Bg6 23. Ne3 Na5 24. Bc2 h5 25. Ba4 Qc7 26. Rad1 Rxd1 27. Rxd1 Rd8 28. Rd3 Nb7 29. Qd1 Rxd3 30. Qxd3 Qd8 31. Ke2 Qxd3+ 32. Kxd3 Kf8 33. Bb5 Bf7 34. Nc2 Ke7 35. Ne3 Na5 36. Nc2 Nb7 37. Ne3 Na5 38. Nc2 1/2-1/2

[Event "Bundesliga 2223"]
[Site "Germany"]
[Date "2022.11.27"]
[Round "4.4"]
[White "Burg, Twan"]
[Black "Kollars, Dmitrij"]
[Result "1/2-1/2"]
[WhiteElo "2511"]
[BlackElo "2612"]
[PlyCount "46"]
[EventDate "2022.10.21"]
[EventType "team-tourn"]
[EventRounds "15"]
[EventCountry "GER"]
[SourceTitle "CBM 211"]
[Source "ChessBase"]
[SourceDate "2022.12.31"]
[SourceVersion "1"]
[SourceVersionDate "2022.12.31"]
[SourceQuality "1"]
[WhiteTeam "Remagen Sinzig"]
[BlackTeam "Deizisau"]
[WhiteTeamCountry "GER"]
[BlackTeamCountry "GER"]

1. e4 e5 2. Nf3 Nc6 3. Nc3 Nf6 4. d4 exd4 5. Nxd4 Bb4 6. Nxc6 bxc6 7. Bd3 0-0 8. 0-0 d5 9. Bd2 Rb8 10. Re1 Bg4 11. Qc1 Re8 12. exd5 cxd5 13. Rxe8+ Qxe8 14. Bg5 Bxc3 15. bxc3 Ne4 16. Bxe4 dxe4 17. Qf4 Qd7 18. Qxe4 Bf5 19. Qd4 Qxd4 20. cxd4 Bxc2 21. Bf4 Rb1+ 22. Rxb1 Bxb1 23. a3 c6 1/2-1/2

[Event "Hull 4NCL GM"]
[Site "Hull"]
[Date "2022.10.15"]
[Round "6"]
[White "Willow, Jonah B"]
[Black "Burg, Twan"]
[Result "0-1"]
[WhiteElo "2395"]
[BlackElo "2511"]
[PlyCount "82"]
[EventDate "2022.10.12"]
[EventType "tourn"]
[EventRounds "9"]
[EventCountry "ENG"]
[EventCategory "8"]
[SourceTitle "CBM 210 Extra"]
[Source "ChessBase"]
[SourceDate "2022.11.30"]
[SourceVersion "1"]
[SourceVersionDate "2022.11.30"]
[SourceQuality "1"]

1. e4 c5 2. Nf3 d6 3. d4 cxd4 4. Nxd4 Nf6 5. Nc3 a6 6. h3 e5 7. Nb3 h5 8. Be3 Nbd7 9. f4 b5 10. Qf3 Bb7 11. a4 b4 12. Nd5 Nxd5 13. exd5 Nf6 14. fxe5 dxe5 15. 0-0-0 Bxd5 16. Qe2 Qc7 17. Kb1 Be7 18. Bg5 Bb7 19. Rg1 Rc8 20. g4 hxg4 21. hxg4 Ne4 22. Bxe7 Kxe7 23. Rc1 Nc5 24. Bg2 Rh2 25. Nd4 Bxg2 26. Rxg2 Rxg2 27. Nf5+ Kf8 28. Rh1 Rg1+ 29. Rxg1 g6 30. Ne3 e4 31. Rh1 Qe5 32. Qd2 b3 33. Nc4 bxc2+ 34. Qxc2 Qd4 35. Nb6 Rc6 36. a5 Qd3 37. Qxd3 Nxd3 38. Nd5 Kg7 39. g5 Rc5 40. Nf6 Rxg5 41. Nxe4 Rxa5 0-1

[Event "Hull 4NCL GM"]
[Site "Hull"]
[Date "2022.10.13"]
[Round "3"]
[White "Burg, Twan"]
[Black "Royal, Shreyas"]
[Result "1/2-1/2"]
[WhiteElo "2511"]
[BlackElo "2431"]
[PlyCount "40"]
[EventDate "2022.10.12"]
[EventType "tourn"]
[EventRounds "9"]
[EventCountry "ENG"]
[EventCategory "8"]
[SourceTitle "CBM 210 Extra"]
[Source "ChessBase"]
[SourceDate "2022.11.30"]
[SourceVersion "1"]
[SourceVersionDate "2022.11.30"]
[SourceQuality "1"]

1. e4 e5 2. Nf3 Nc6 3. Bb5 a6 4. Ba4 Nf6 5. 0-0 b5 6. Bb3 Bc5 7. c3 d6 8. d4 Bb6 9. a4 Rb8 10. axb5 axb5 11. Qd3 0-0 12. Bg5 exd4 13. cxd4 h6 14. Bf4 Bg4 15. Nbd2 d5 16. e5 Ne4 17. Be3 Bf5 18. Qe2 Bg4 19. Qd3 Bf5 20. Qe2 Bg4 1/2-1/2

[Event "BL2-West 2122"]
[Site "Germany"]
[Date "2022.05.14"]
[Round "5.3"]
[White "Burg, Twan"]
[Black "Polak, Tomas"]
[Result "1/2-1/2"]
[WhiteElo "2507"]
[BlackElo "2514"]
[PlyCount "119"]
[EventDate "2022.03.05"]
[EventType "team-tourn"]
[EventRounds "10"]
[EventCountry "GER"]
[SourceTitle "EXT 2023"]
[Source "ChessBase"]
[SourceDate "2022.10.05"]
[SourceVersion "1"]
[SourceVersionDate "2022.10.05"]
[SourceQuality "1"]
[WhiteTeam "Remagen Sinzig"]
[BlackTeam "Heimbach Weis/Neuwied"]
[WhiteTeamCountry "GER"]
[BlackTeamCountry "GER"]

1. e4 c6 2. Nf3 d5 3. Nc3 Bg4 4. h3 Bxf3 5. Qxf3 e6 6. d4 Nf6 7. exd5 cxd5 8. Bd3 Nc6 9. Ne2 Be7 10. c3 a6 11. Bf4 b5 12. a4 b4 13. c4 0-0 14. c5 Nd7 15. Rd1 Re8 16. 0-0 Nf8 17. Bc2 Ng6 18. Qh5 Bf6 19. Bd6 Qd7 20. Rd2 Bd8 21. b3 f5 22. g4 Nh4 23. f4 Be7 24. Bxe7 Qxe7 25. g5 Ng6 26. Qf3 Qc7 27. Rf2 Kf7 28. Rh2 Ke7 29. h4 Kd8 30. h5 Nge7 31. Qe3 Qd7 32. Kf2 Na5 33. Ng1 Nec6 34. Nf3 Kc7 35. Kg3 Kb7 36. Qe1 Re7 37. Rde2 Ka7 38. h6 g6 39. Qd2 Qc7 40. Rh1 Rae8 41. Rhe1 Ka8 42. Re3 Ka7 43. Bd1 Qb7 44. Be2 Qb8 45. Bf1 Qb7 46. Qd3 Qc8 47. R3e2 Qb7 48. Re3 Qc8 49. Kg2 Qb7 50. Kf2 Qc8 51. Kg2 Qb7 52. Kf2 Qc8 53. Kg3 Qb7 54. Qd2 Qb8 55. Qe2 Qc8 56. Rc1 Qb7 57. Qd2 Qb8 58. Rb1 Qb7 59. Ree1 Qb8 60. Qd3 1/2-1/2

[Event "World Corporate East D"]
[Site "Chess.com INT"]
[Date "2021.02.19"]
[Round "1.3"]
[White "Devendra, Kumar"]
[Black "Burg, Twan"]
[Result "0-1"]
[WhiteElo "2072"]
[BlackElo "2514"]
[PlyCount "110"]
[EventDate "2021.02.19"]
[EventType "team (rapid)"]
[EventRounds "7"]
[EventCountry "USA"]
[SourceTitle "EXT 2022"]
[Source "ChessBase"]
[SourceDate "2021.10.06"]
[SourceVersion "1"]
[SourceVersionDate "2021.10.06"]
[SourceQuality "1"]
[WhiteTeam "Technicolor"]
[BlackTeam "Dassault Systemes"]
[WhiteTeamCountry "IND"]
[BlackTeamCountry "FRA"]

1. e4 e5 2. Nf3 Nf6 3. Nxe5 d6 4. Nf3 Nxe4 5. d4 d5 6. Bd3 Bd6 7. 0-0 0-0 8. h3 Bf5 9. c4 dxc4 10. Bxc4 Nd7 11. Nc3 Nxc3 12. bxc3 h6 13. Be3 Qf6 14. Bd3 Rfd8 15. a4 c5 16. Bxf5 Qxf5 17. Qb1 Qxb1 18. Rfxb1 Rab8 19. Nd2 cxd4 20. cxd4 Nb6 21. a5 Nd5 22. Nf1 Rdc8 23. Rb3 f5 24. g3 f4 25. gxf4 Nxf4 26. Bxf4 Bxf4 27. Rab1 Rc7 28. Ne3 Rd7 29. Ng2 Bg5 30. Ne3 Bd8 31. a6 b6 32. d5 Bg5 33. Rd3 Rc8 34. Ng4 Bf4 35. Re1 h5 36. Ne5 Re7 37. Nf3 Rxe1+ 38. Nxe1 Rc1 39. Kf1 Bd6 40. Ke2 Ra1 41. Nf3 Rxa6 42. Nd4 Ra2+ 43. Kf3 Bc5 44. Nf5 Rxf2+ 45. Ke4 g6 46. Nh4 Rf6 47. Ke5 Kf7 48. Nf3 Bd6+ 49. Ke4 Rf4+ 50. Ke3 Ke7 51. Ng5 Rh4 52. Ke2 a5 53. Ne4 Rxe4+ 54. Kf3 Re5 55. Kf4 Rxd5+ 0-1

[Event "Titled Tuesday intern op 01st Dec"]
[Site "Chess.com INT"]
[Date "2020.12.01"]
[Round "4"]
[White "Bazeev, German"]
[Black "Burg, Twan"]
[Result "1-0"]
[WhiteElo "2398"]
[BlackElo "2514"]
[PlyCount "43"]
[EventDate "2020.12.01"]
[EventType "swiss (blitz)"]
[EventRounds "11"]
[EventCountry "USA"]
[SourceTitle "CBM 199 Extra"]
[Source "ChessBase"]
[SourceDate "2021.01.31"]
[SourceVersion "1"]
[SourceVersionDate "2021.01.31"]
[SourceQuality "1"]

1. d4 Nf6 2. Nf3 d5 3. c4 e6 4. g3 Bb4+ 5. Bd2 Be7 6. Bg2 0-0 7. Qc2 Nbd7 8. h4 b6 9. Nc3 Ba6 10. cxd5 exd5 11. Ng5 c6 12. 0-0-0 h6 13. Kb1 Rc8 14. e4 dxe4 15. Ncxe4 Nxe4 16. Bxe4 c5 17. Bh7+ Kh8 18. d5 Nf6 19. Bc3 Nxd5 20. Bg8 Nf6 21. Bxf6 Bxf6 22. Qh7# 1-0

[Event "Titled Tuesday intern op 01st Dec"]
[Site "Chess.com INT"]
[Date "2020.12.01"]
[Round "11"]
[White "Burg, Twan"]
[Black "Arabidze, Meri"]
[Result "1-0"]
[WhiteElo "2514"]
[BlackElo "2437"]
[PlyCount "65"]
[EventDate "2020.12.01"]
[EventType "swiss (blitz)"]
[EventRounds "11"]
[EventCountry "USA"]
[SourceTitle "CBM 199 Extra"]
[Source "ChessBase"]
[SourceDate "2021.01.31"]
[SourceVersion "1"]
[SourceVersionDate "2021.01.31"]
[SourceQuality "1"]

1. e4 c5 2. Nf3 e6 3. d4 cxd4 4. Nxd4 Nc6 5. Nc3 a6 6. Be3 Nf6 7. Be2 d6 8. 0-0 Be7 9. f4 0-0 10. Kh1 Bd7 11. Qe1 Nxd4 12. Bxd4 b5 13. a3 Qb8 14. Qg3 b4 15. axb4 Qxb4 16. Rad1 Bc6 17. e5 dxe5 18. fxe5 Nd7 19. Rf4 Qb7 20. Bd3 f5 21. Bc4 Kh8 22. Bxe6 Qxb2 23. Bxd7 Bxd7 24. e6 Bf6 25. exd7 Rad8 26. Bxf6 Rxf6 27. Rfd4 Qxc2 28. Qc7 Rff8 29. Nd5 Qe2 30. Nf4 Qe3 31. h3 a5 32. Qd6 Kg8 33. Ne6 1-0

[Event "Titled Tuesday intern op 01st Dec"]
[Site "Chess.com INT"]
[Date "2020.12.01"]
[Round "7"]
[White "Gheorghiu, Calin"]
[Black "Burg, Twan"]
[Result "1-0"]
[WhiteElo "2283"]
[BlackElo "2514"]
[PlyCount "85"]
[EventDate "2020.12.01"]
[EventType "swiss (blitz)"]
[EventRounds "11"]
[EventCountry "USA"]
[SourceTitle "CBM 199 Extra"]
[Source "ChessBase"]
[SourceDate "2021.01.31"]
[SourceVersion "1"]
[SourceVersionDate "2021.01.31"]
[SourceQuality "1"]

1. e4 e5 2. Nf3 Nf6 3. Nc3 Nc6 4. d4 exd4 5. Nxd4 Bb4 6. Nxc6 bxc6 7. Bd3 0-0 8. 0-0 d5 9. exd5 cxd5 10. h3 Re8 11. Qf3 Rb8 12. Bf4 Bb7 13. Ne2 d4 14. Qg3 Nh5 15. Qg4 Nxf4 16. Nxf4 g6 17. Bc4 Qf6 18. a3 Bd6 19. Nd3 Re4 20. Qd1 Rbe8 21. a4 Ba8 22. a5 Qg5 23. Qf3 R4e7 24. Qg4 Qf6 25. Rfe1 Rxe1+ 26. Rxe1 Rxe1+ 27. Nxe1 Bc6 28. Nd3 Kg7 29. a6 h5 30. Qc8 Qg5 31. Ne1 Qf4 32. Qb8 Bc5 33. g3 Qe4 34. Kf1 Qh1+ 35. Ke2 Bb6 36. Qd8 Qxh3 37. Qe7 Qg4+ 38. f3 Qxg3 39. Qxf7+ Kh6 40. Qf8+ Kg5 41. Qe7+ Kh6 42. Qf8+ Kg5 43. Qe7+ 1-0

[Event "Titled Tuesday intern op 01st Dec"]
[Site "Chess.com INT"]
[Date "2020.12.01"]
[Round "2"]
[White "Iskandarov, Misratdin"]
[Black "Burg, Twan"]
[Result "0-1"]
[WhiteElo "2535"]
[BlackElo "2514"]
[PlyCount "102"]
[EventDate "2020.12.01"]
[EventType "swiss (blitz)"]
[EventRounds "11"]
[EventCountry "USA"]
[SourceTitle "CBM 199 Extra"]
[Source "ChessBase"]
[SourceDate "2021.01.31"]
[SourceVersion "1"]
[SourceVersionDate "2021.01.31"]
[SourceQuality "1"]

1. e4 e5 2. Nf3 Nf6 3. Nxe5 d6 4. Nf3 Nxe4 5. Nc3 Nxc3 6. dxc3 Be7 7. Bf4 Nd7 8. Qd2 0-0 9. 0-0-0 Nc5 10. h4 Re8 11. Bc4 Be6 12. Bxe6 Nxe6 13. Be3 a5 14. Ng5 Qd7 15. Qd3 Nf8 16. h5 h6 17. Nf3 a4 18. a3 Ra5 19. Rh3 Qg4 20. Rdh1 Qf5 21. Qd2 Bf6 22. Rg3 Kh8 23. Nd4 Qe4 24. Bxh6 gxh6 25. Qxh6+ Nh7 26. f4 Rg8 27. Rxg8+ Kxg8 28. Kb1 Bxd4 29. cxd4 Qxd4 30. Re1 Ra8 31. f5 Qf6 32. Qf4 c6 33. Re3 d5 34. g4 Ng5 35. Qc7 d4 36. Rd3 b5 37. Qb6 Rd8 38. Qc5 Kh7 39. Qb6 Rd7 40. Qc5 Rd5 41. Qb6 Ne4 42. Qc7 Nc5 43. g5 Qxf5 44. g6+ Kh6 45. Rg3 d3 46. gxf7 dxc2+ 47. Ka2 c1Q 48. f8Q+ Qxf8 49. Qxc6+ Qd6 50. Qe8 Qc4+ 51. Kb1 Rd1# 0-1

[Event "NED-chT 1920"]
[Site "Netherlands"]
[Date "2020.03.07"]
[Round "6.3"]
[White "Burg, Twan"]
[Black "Leenhouts, Koen"]
[Result "1-0"]
[WhiteElo "2527"]
[BlackElo "2411"]
[PlyCount "77"]
[EventDate "2019.09.28"]
[EventType "team-tourn"]
[EventRounds "9"]
[EventCountry "NED"]
[SourceTitle "CBM 195 Extra"]
[Source "ChessBase"]
[SourceDate "2020.05.31"]
[SourceVersion "1"]
[SourceVersionDate "2020.05.31"]
[SourceQuality "1"]
[WhiteTeam "Den Bosch HMC"]
[BlackTeam "Sas van Gent"]
[WhiteTeamCountry "NED"]
[BlackTeamCountry "NED"]

1. e4 e5 2. Nf3 Nc6 3. Bb5 g6 4. d4 exd4 5. c3 d3 6. Bg5 Be7 7. Bf4 d6 8. Qxd3 Nf6 9. 0-0 0-0 10. Nbd2 Ne5 11. Bxe5 dxe5 12. Nxe5 c6 13. Bc4 Qc7 14. Nef3 b5 15. Bb3 a5 16. a4 b4 17. cxb4 Bxb4 18. Rac1 Bg4 19. h3 Rad8 20. Qe3 Bc8 21. Rfd1 Kg7 22. e5 Nd5 23. Bxd5 Rxd5 24. Ne4 Qe7 25. Rxd5 cxd5 26. Nf6 Rd8 27. Nd4 Qb7 28. Qg5 Rf8 29. Nh5+ Kg8 30. Nf6+ Kg7 31. Rc6 Be7 32. Qc1 Qb4 33. Nxd5 Qxd4 34. Nxe7 Bb7 35. Rc7 Qe4 36. f3 Qd4+ 37. Kh1 Rb8 38. Nf5+ gxf5 39. Qg5+ 1-0

[Event "BEL-chT 1920"]
[Site "Belgium"]
[Date "2020.01.19"]
[Round "6.3"]
[White "Schoppen, Casper"]
[Black "Burg, Twan"]
[Result "1-0"]
[WhiteElo "2506"]
[BlackElo "2527"]
[PlyCount "99"]
[EventDate "2019.09.29"]
[EventType "team-tourn"]
[EventRounds "11"]
[EventCountry "BEL"]
[SourceTitle "CBM 195 Extra"]
[Source "ChessBase"]
[SourceDate "2020.05.31"]
[SourceVersion "1"]
[SourceVersionDate "2020.05.31"]
[SourceQuality "1"]
[WhiteTeam "KGSRL"]
[BlackTeam "Echiquier Mosan"]
[WhiteTeamCountry "BEL"]
[BlackTeamCountry "BEL"]

1. e4 c5 2. Nf3 d6 3. d4 cxd4 4. Nxd4 Nf6 5. Nc3 a6 6. h3 e5 7. Nde2 h5 8. g3 Be6 9. Bg2 b5 10. 0-0 Be7 11. a4 b4 12. Nd5 a5 13. c3 bxc3 14. Nexc3 Nxd5 15. Nxd5 Nc6 16. Nxe7 Qxe7 17. Bd2 h4 18. g4 0-0 19. Bc3 Rfb8 20. Qd2 Rb6 21. f4 exf4 22. Rxf4 Ne5 23. Qd4 Rc6 24. Bf1 Bc4 25. Rd1 Raa6 26. Qf2 Ra8 27. Qd4 Raa6 28. Kh1 Qe6 29. Qf2 Bxf1 30. Qxf1 Ng6 31. Rf5 Ra8 32. Rd4 Rc5 33. Qd3 Ne5 34. Qd2 Nc6 35. Rxd6 Qxe4+ 36. Qg2 Qxg2+ 37. Kxg2 Rxf5 38. gxf5 Ne7 39. Kf3 Rc8 40. f6 gxf6 41. Bxf6 Nc6 42. Kg4 Kh7 43. Kxh4 Nb4 44. Bc3 Na2 45. Bd4 f6 46. Kh5 Rc7 47. Rxf6 Rc4 48. Rd6 Rxa4 49. Rd8 Rb4 50. Rh8# 1-0

[Event "BEL-chT 1920"]
[Site "Belgium"]
[Date "2019.12.01"]
[Round "5.1"]
[White "Burg, Twan"]
[Black "Ikonnikov, Vyacheslav"]
[Result "1/2-1/2"]
[WhiteElo "2527"]
[BlackElo "2499"]
[PlyCount "51"]
[EventDate "2019.09.29"]
[EventType "team-tourn"]
[EventRounds "11"]
[EventCountry "BEL"]
[SourceTitle "CBM 195 Extra"]
[Source "ChessBase"]
[SourceDate "2020.05.31"]
[SourceVersion "1"]
[SourceVersionDate "2020.05.31"]
[SourceQuality "1"]
[WhiteTeam "Echiquier Mosan"]
[BlackTeam "Jean Jaures Ghent"]
[WhiteTeamCountry "BEL"]
[BlackTeamCountry "BEL"]

1. e4 c5 2. Nf3 Nc6 3. d4 cxd4 4. Nxd4 e5 5. Nb5 d6 6. N1c3 a6 7. Na3 Be7 8. Be3 Nf6 9. Nc4 b5 10. Nb6 Rb8 11. Nxc8 Qxc8 12. Be2 0-0 13. 0-0 Rd8 14. Bf3 Na5 15. Bg5 Nc4 16. b3 Nb6 17. Qd2 b4 18. Nd1 d5 19. exd5 e4 20. Be2 Nbxd5 21. Qc1 h6 22. Bd2 Qb7 23. Ne3 Rbc8 24. Bc4 Nb6 25. Qe1 Bc5 26. Be2 1/2-1/2

[Event "BEL-chT 1920"]
[Site "Belgium"]
[Date "2019.11.17"]
[Round "4.2"]
[White "Burg, Twan"]
[Black "Lai, Hing Ting"]
[Result "1/2-1/2"]
[WhiteElo "2527"]
[BlackElo "2449"]
[PlyCount "57"]
[EventDate "2019.09.29"]
[EventType "team-tourn"]
[EventRounds "11"]
[EventCountry "BEL"]
[SourceTitle "CBM 195 Extra"]
[Source "ChessBase"]
[SourceDate "2020.05.31"]
[SourceVersion "1"]
[SourceVersionDate "2020.05.31"]
[SourceQuality "1"]
[WhiteTeam "Echiquier Mosan"]
[BlackTeam "Liege Crelel"]
[WhiteTeamCountry "BEL"]
[BlackTeamCountry "BEL"]

1. e4 g6 2. d4 Bg7 3. Nc3 d6 4. f4 a6 5. Nf3 b5 6. Bd3 Nd7 7. e5 c5 8. Be4 Rb8 9. 0-0 cxd4 10. Nxd4 dxe5 11. Nc6 Qb6+ 12. Kh1 Ngf6 13. Nxb8 Qxb8 14. fxe5 Nxe4 15. Nxe4 Nxe5 16. Bf4 0-0 17. Qd4 Qc7 18. Nc3 Bb7 19. Nd5 Qd8 20. Bxe5 Qxd5 21. Qxd5 Bxd5 22. Bxg7 Kxg7 23. Rfd1 e6 24. a4 b4 25. a5 Rc8 26. Rd2 Rc5 27. Kg1 Bc6 28. Kf2 f5 29. g3 1/2-1/2